|
|
|
|
| LEADER |
01025nam a22002892a 4500 |
| 001 |
000051169 |
| 003 |
CZ BrMZK |
| 005 |
20070724071946.0 |
| 007 |
ta |
| 008 |
951201s1988 xr a f cze d |
| 015 |
|
|
|a cnb000043206
|
| 035 |
|
|
|a (OCoLC)19612354
|
| 040 |
|
|
|a BOA001
|b cze
|
| 080 |
9 |
|
|a 885.0-17
|
| 100 |
1 |
|
|a Oulík, Jiří,
|d 1949-
|7 kup20010000073258
|
| 245 |
1 |
0 |
|a Z nerozumu /
|c Jiří Oulík ; il. Jiří Slíva
|
| 250 |
|
|
|a 1.vyd.
|
| 260 |
|
|
|a Praha :
|b Československý spisovatel,
|c 1988
|
| 300 |
|
|
|a 111 s.
|
| 490 |
1 |
|
|a HU-SA
|
| 700 |
1 |
|
|a Slíva, Jiří,
|d 1947-
|7 jk01111924
|4 ill
|
| 830 |
|
0 |
|a HU-SA
|0 s
|
| 856 |
4 |
1 |
|u http://www.digitalniknihovna.cz/mzk/uuid/uuid:dd58cc90-1617-11e3-bc65-005056827e51
|y Digitalizovaný dokument
|x NDK
|
| 910 |
|
|
|a BOA001
|b PK-0108.855
|b 1-0937.792
|
| 990 |
|
|
|a BK
|
| 996 |
6 |
|
|b 2619327898
|c 1-0937.792
|l MZK
|r Sklad / do 1 hodiny
|n 1
|w 000051169
|u 000020
|a 1
|e BOA001
|j MZK50
|s P
|
| 996 |
7 |
|
|b 3119978429
|c PK-0108.855
|l MZK
|r Sklad / do 1 hodiny
|n 1
|w 000051169
|u 000010
|a 1
|e BOA001
|j MZK50
|s A
|